Introduction to genetic analysis / (Record no. 33028)

000 -LEADER
fixed length control field 01207cam a22003254a 4500
001 - CONTROL NUMBER
control field 14590775
003 - CONTROL NUMBER IDENTIFIER
control field OSt
005 - DATE AND TIME OF LATEST TRANSACTION
control field 20220107105209.0
008 - FIXED-LENGTH DATA ELEMENTS--GENERAL INFORMATION
fixed length control field 061011s2008 nyua 001 0 eng
010 ## - LIBRARY OF CONGRESS CONTROL NUMBER
LC control number 2006936450
020 ## - INTERNATIONAL STANDARD BOOK NUMBER
International Standard Book Number 9780716768876
038 ## - RECORD CONTENT LICENSOR
Staff Name Khadija
040 ## - CATALOGING SOURCE
Original cataloging agency DLC
Transcribing agency DLC
Modifying agency DLC
050 00 - LIBRARY OF CONGRESS CALL NUMBER
Classification number QH430
Item number .I62 2008
082 00 - DEWEY DECIMAL CLASSIFICATION NUMBER
Classification number 576.5
Edition number 22
Author Mark GRI
100 ## - MAIN ENTRY--PERSONAL NAME
Personal name Griffiths, Anthony J.F.
9 (RLIN) 87430
245 00 - TITLE STATEMENT
Title Introduction to genetic analysis /
Statement of responsibility, etc. Anthony J.F. Griffiths ... [et al.].
250 ## - EDITION STATEMENT
Edition statement 9th ed.
260 ## - PUBLICATION, DISTRIBUTION, ETC.
Place of publication, distribution, etc. New York :
Name of publisher, distributor, etc. W.H. Freeman and Co.,
Date of publication, distribution, etc. c2008.
300 ## - PHYSICAL DESCRIPTION
Extent xxiii, 838 p. :
Other physical details ill. (some col.) ;
Dimensions 29 cm.
563 ## - BINDING INFORMATION
Binding note HB
650 #0 - SUBJECT ADDED ENTRY--TOPICAL TERM
Topical term or geographic name entry element Genetics.
9 (RLIN) 87431
700 1# - ADDED ENTRY--PERSONAL NAME
Personal name Griffiths, Anthony J. F.
9 (RLIN) 87432
856 41 - ELECTRONIC LOCATION AND ACCESS
Materials specified Table of contents only
Uniform Resource Identifier <a href="http://www.loc.gov/catdir/toc/fy0713/2006936450.html">http://www.loc.gov/catdir/toc/fy0713/2006936450.html</a>
856 42 - ELECTRONIC LOCATION AND ACCESS
Materials specified Contributor biographical information
Uniform Resource Identifier <a href="http://www.loc.gov/catdir/enhancements/fy0917/2006936450-b.html">http://www.loc.gov/catdir/enhancements/fy0917/2006936450-b.html</a>
856 42 - ELECTRONIC LOCATION AND ACCESS
Materials specified Publisher description
Uniform Resource Identifier <a href="http://www.loc.gov/catdir/enhancements/fy0917/2006936450-d.html">http://www.loc.gov/catdir/enhancements/fy0917/2006936450-d.html</a>
906 ## - LOCAL DATA ELEMENT F, LDF (RLIN)
a 7
b cbc
c orignew
d 2
e epcn
f 20
g y-gencatlg
942 ## - ADDED ENTRY ELEMENTS (KOHA)
Source of classification or shelving scheme
Koha item type Book
Holdings
Withdrawn status Lost status Source of classification or shelving scheme Damaged status Not for loan Permanent Location Current Location Shelving location Date acquired Full call number Barcode Date last seen Price effective from Koha item type Total Checkouts Checked out Date last checked out
          School of Mechanical & Manufacturing Engineering (SMME) School of Mechanical & Manufacturing Engineering (SMME) Text Books 12/17/2015 576.5 GRI SMME-2088 04/03/2018 12/17/2015 Book      
          School of Mechanical & Manufacturing Engineering (SMME) School of Mechanical & Manufacturing Engineering (SMME) Text Books 12/17/2015 576.5 GRI SMME-2089 04/03/2018 12/17/2015 Book      
          School of Mechanical & Manufacturing Engineering (SMME) School of Mechanical & Manufacturing Engineering (SMME)   12/17/2015 576.5 GRI SMME-2090 11/24/2021 12/17/2015 Book 1 03/24/2022 11/24/2021
          School of Mechanical & Manufacturing Engineering (SMME) School of Mechanical & Manufacturing Engineering (SMME) Text Books 12/17/2015 576.5 GRI SMME-2091 04/03/2018 12/17/2015 Book      
© 2023 Central Library, National University of Sciences and Technology. All Rights Reserved.